| 000 | 00457nam a2200205Ia 4500 | ||
|---|---|---|---|
| 008 | 240509s9999 xx 000 0 und d | ||
| 020 | _a0008178089882 | ||
| 041 | _aEng | ||
| 082 | _a339 | ||
| 082 | _bA12 | ||
| 100 | _aABEL, A.B. & BERNANKE, B.S.: | ||
| 245 | 0 | _aMACROECONOMICS | |
| 250 | _a4th ed. | ||
| 260 | _bPEARSON EDUCATION INDIA | ||
| 260 | _c2001 | ||
| 300 | _a630 p. | ||
| 650 | _aMACROECONOMICS : | ||
| 942 | _2ddc | ||
| 942 | _cRBK | ||
| 999 |
_c23185 _d23185 |
||
| 945 |
_a1 _bMadushi Gamage _c1 _dMadushi Gamage |
||